[Event "FRA-ch Seniors"]
[Site "Chartres"]
[Date "2019.??.??"]
[Round "8"]
[White "Canovas, Eric"]
[Black "Lebret, Jean Michel"]
[Result "1/2-1/2"]
[WhiteElo "1904"]
[BlackElo "1991"]
[PlyCount "139"]
[EventDate "2019.08.17"]
[EventType "swiss"]
[EventRounds "9"]
[EventCountry "FRA"]
[SourceTitle "EXT 2020"]
[Source "ChessBase"]
[SourceDate "2019.10.17"]
[SourceVersion "1"]
[SourceVersionDate "2019.10.17"]
[SourceQuality "1"]

1. d4 d5 2. c4 e6 3. Nc3 c5 4. cxd5 exd5 5. Nf3 Nc6 6. dxc5 Nf6 7. Bg5 Be6 8. e3 Bxc5 9. Bb5 0-0 10. 0-0 Be7 11. Rc1 Rc8 12. Ne2 Bg4 13. Bxc6 Bxf3 14. Bb5 Rxc1 15. Qxc1 Bxe2 16. Bxe2 Qa5 17. Bh4 Qxa2 18. Qc7 Qa4 19. Bg5 Qb4 20. Bf3 Bd8 21. Qe5 Ne4 22. Bxd8 Rxd8 23. Rd1 Nf6 24. h3 Re8 25. Qf5 Qxb2 26. Rb1 Qa2 27. Rxb7 a6 28. Rc7 Qa1+ 29. Kh2 g6 30. Qc2 Qe5+ 31. g3 h5 32. Qc3 Qf5 33. Kg2 Ne4 34. Bxe4 dxe4 35. Qc6 Qe6 36. Qxe6 Rxe6 37. g4 hxg4 38. hxg4 Kg7 39. Kg3 g5 40. f3 exf3 41. Kxf3 Rb6 42. Ra7 Kf6 43. Ke4 Ke6 44. Ra8 f6 45. Ra7 Rb4+ 46. Kf3 Ra4 47. Ra8 Ra1 48. Ke4 Ra5 49. Re8+ Kd7 50. Rf8 Re5+ 51. Kd4 Re6 52. Kd5 a5 53. Rf7+ Re7 54. Rxf6 Rxe3 55. Rf7+ Kc8 56. Kc6 Re6+ 57. Kb5 Re4 58. Kxa5 Rxg4 59. Kb5 Kd8 60. Kc5 Ke8 61. Rb7 Kf8 62. Kd5 Rf4 63. Ke5 Rf1 64. Ke4 g4 65. Rb5 Ra1 66. Kf4 Ra4+ 67. Kg3 Kf7 68. Rg5 Kf6 69. Rxg4 Rxg4+ 70. Kxg4 1/2-1/2

[Event "Avoine op 27th"]
[Site "Avoine"]
[Date "2012.07.22"]
[Round "2"]
[White "Lebret, Jean Michel"]
[Black "Petre, Nad Titus"]
[Result "1/2-1/2"]
[WhiteElo "2101"]
[BlackElo "2362"]
[PlyCount "115"]
[EventDate "2012.07.21"]
[EventType "swiss"]
[EventRounds "9"]
[EventCountry "FRA"]
[SourceTitle "CBM 149 Extra"]
[Source "ChessBase"]
[SourceDate "2012.08.24"]
[SourceVersion "1"]
[SourceVersionDate "2012.08.24"]
[SourceQuality "1"]

1. e4 d5 2. exd5 Qxd5 3. Nc3 Qa5 4. d4 Nf6 5. Nf3 Bf5 6. Bc4 e6 7. 0-0 Nc6 8. Bd2 Bb4 9. a3 Bxc3 10. Bxc3 Qb6 11. Ne5 Ne4 12. Nxc6 Qxc6 13. Qe2 Nxc3 14. bxc3 0-0 15. Rab1 Rab8 16. Rfc1 a6 17. Rb3 Be4 18. f3 Bd5 19. Bxd5 exd5 20. Qd2 Rfe8 21. Rbb1 Qd6 22. Re1 b6 23. Rxe8+ Rxe8 24. Re1 Re7 25. a4 Kf8 26. Rxe7 Qxe7 27. Kf2 Qh4+ 28. Kg1 a5 29. g3 Qe7 30. Kg2 h6 31. Qd3 Qe1 32. c4 Qb4 33. cxd5 Qxa4 34. c4 Qb4 35. Qc2 a4 36. c5 bxc5 37. dxc5 a3 38. d6 cxd6 39. c6 Qb8 40. c7 Qc8 41. Qc6 Ke7 42. Qe4+ Kd7 43. Qf5+ Kxc7 44. Qxf7+ Qd7 45. Qc4+ Qc6 46. Qf7+ Kb6 47. Qb3+ Qb5 48. Qxa3 Qe2+ 49. Kh3 Qe6+ 50. Kg2 Qe2+ 51. Kh3 Qe5 52. f4 Qf5+ 53. Kg2 Qc2+ 54. Kf3 Qc6+ 55. Kg4 Qd7+ 56. Kf3 Qc6+ 57. Kg4 Qc8+ 58. Kf3 1/2-1/2

[Event "Avoine op 22nd"]
[Site "Avoine"]
[Date "2007.07.27"]
[Round "7"]
[White "Lebret, Jean Michel"]
[Black "Le Ray, Jean Yves"]
[Result "1-0"]
[WhiteElo "2214"]
[BlackElo "1942"]
[PlyCount "101"]
[EventDate "2007.07.21"]
[EventType "swiss"]
[EventRounds "9"]
[EventCountry "FRA"]
[SourceTitle "EXT 2010"]
[Source "ChessBase"]
[SourceDate "2010.11.25"]
[SourceVersion "1"]
[SourceVersionDate "2010.11.25"]
[SourceQuality "1"]

1. e4 d6 2. d4 Nf6 3. Nc3 e5 4. Nf3 Nbd7 5. Bc4 Be7 6. 0-0 0-0 7. Re1 c6 8. a4 b6 9. d5 cxd5 10. Nxd5 Bb7 11. b3 Nc5 12. Nxf6+ Bxf6 13. Bd5 Bxd5 14. Qxd5 Qc7 15. Ba3 Rfd8 16. Rad1 Rac8 17. g3 Qc6 18. Bxc5 Qxd5 19. Rxd5 Rxc5 20. Rxc5 dxc5 21. Kf1 Kf8 22. Ke2 Ke7 23. Rd1 Rxd1 24. Kxd1 Ke6 25. Nd2 Bd8 26. Ke2 a6 27. Kd3 b5 28. axb5 axb5 29. Nb1 Kd6 30. Nc3 Kc6 31. Nd5 Bg5 32. c4 b4 33. f4 exf4 34. gxf4 Bh4 35. Ke2 Kd6 36. Ne3 g6 37. Ng2 Bd8 38. Ne3 Bh4 39. Kf3 Bd8 40. Kg4 Ke6 41. Ng2 Be7 42. Ne1 f5+ 43. exf5+ gxf5+ 44. Kh5 Bf8 45. Kg5 Bd6 46. Nd3 Bf8 47. h3 Kd6 48. Kxf5 Bg7 49. Ne5 Ke7 50. Nf3 Kf7 51. Ng5+ 1-0

[Event "FRA-chT2B 0506"]
[Site "France"]
[Date "2006.03.12"]
[Round "9.1"]
[White "Midoux, Sebastien"]
[Black "Lebret, Jean Michel"]
[Result "0-1"]
[WhiteElo "2314"]
[BlackElo "2226"]
[PlyCount "78"]
[EventDate "2005.10.27"]
[EventType "team-tourn"]
[EventRounds "11"]
[EventCountry "FRA"]
[SourceTitle "EXT 2006"]
[Source "ChessBase"]
[SourceDate "2005.11.24"]
[SourceVersion "1"]
[SourceVersionDate "2005.11.24"]
[SourceQuality "1"]
[WhiteTeam "Orcher La Tour II"]
[BlackTeam "Lille"]
[WhiteTeamCountry "FRA"]
[BlackTeamCountry "FRA"]

1. d4 d5 2. c4 e6 3. Nc3 c5 4. cxd5 exd5 5. Nf3 Nc6 6. g3 Nf6 7. Bg2 Be7 8. 0-0 0-0 9. Bg5 cxd4 10. Nxd4 h6 11. Be3 Re8 12. Qb3 Na5 13. Qc2 Bg4 14. Rad1 Rc8 15. h3 Bh5 16. g4 Bg6 17. Qa4 Rc4 18. Qxe8+ Qxe8 19. Nxd5 Rc8 20. Nb5 Nxd5 21. Rxd5 a6 22. Na7 Rd8 23. Rxa5 Bb4 24. Rd5 Rxd5 25. Bxd5 Be4 26. Rd1 Bxd5 27. Rxd5 Kh7 28. a3 Qe6 29. Rd3 Ba5 30. b4 Bb6 31. Bxb6 Qxb6 32. Nc8 Qe6 33. Nd6 Qxe2 34. Rd4 Qf3 35. a4 Qc3 36. Rc4 Qd3 37. Rc7 Qd1+ 38. Kg2 Qxd6 39. Rxf7 Qxb4 0-1

[Event "FRA-chT2B 0506"]
[Site "France"]
[Date "2006.01.14"]
[Round "5.1"]
[White "Mohr, Georg"]
[Black "Lebret, Jean Michel"]
[Result "1-0"]
[WhiteElo "2477"]
[BlackElo "2226"]
[PlyCount "105"]
[EventDate "2005.10.27"]
[EventType "team-tourn"]
[EventRounds "11"]
[EventCountry "FRA"]
[SourceTitle "EXT 2006"]
[Source "ChessBase"]
[SourceDate "2005.11.24"]
[SourceVersion "1"]
[SourceVersionDate "2005.11.24"]
[SourceQuality "1"]
[WhiteTeam "Rueil Malmaison"]
[BlackTeam "Lille"]
[WhiteTeamCountry "FRA"]
[BlackTeamCountry "FRA"]

1. c4 e6 2. g3 d5 3. Nf3 c5 4. Bg2 Nc6 5. 0-0 Nf6 6. e3 Be7 7. b3 0-0 8. Nc3 Ne4 9. Ne2 dxc4 10. bxc4 Nd6 11. d3 Qc7 12. Bb2 b6 13. Rc1 Bb7 14. Qc2 Rac8 15. Nf4 Rfd8 16. Rfd1 Ne8 17. Qe2 Bd6 18. Ng5 Qe7 19. Nf3 Nf6 20. a3 h6 21. h4 Bb8 22. Nh2 Bxf4 23. gxf4 Nd7 24. Qg4 e5 25. h5 Nf6 26. Qh4 exf4 27. Ng4 Nxg4 28. Qxe7 Nxe7 29. Bxb7 fxe3 30. fxe3 Rc7 31. Bf3 Nxe3 32. Rd2 Rcd7 33. Be2 N3f5 34. Kg2 Nd4 35. Bd1 Nec6 36. Ba4 Rd6 37. Rf1 f6 38. Kh1 Ne5 39. Rg2 Nxd3 40. Bc3 Ne5 41. Rfg1 Ne6 42. Bc2 Ng5 43. Rf1 Nef3 44. Rgf2 Nd4 45. Bg6 Re6 46. Bb2 Re3 47. Rd1 Ne4 48. Rf4 Ng3+ 49. Kg2 Re2+ 50. Rf2 Rxb2 51. Rxb2 f5 52. Kxg3 f4+ 53. Kh2 1-0